| 000 | 01128nam a22002297a 4500 | ||
|---|---|---|---|
| 003 | OSt | ||
| 005 | 20251004130949.0 | ||
| 008 | 240404b ||||| |||| 00| 0 eng d | ||
| 040 | _c0 | ||
| 082 | _aDPer 621.381 Ie21 October 2022 v. 37 n. 10 | ||
| 100 |
_aRoy, Sourov. _eauthor. _956083 |
||
| 245 |
_aPowering solutions for biomedical sensors and implants inside the human body : _ba comprehensive review on energy harvesting units, energy storage, and wireless power transfer techniques / _cSourov Roy, A. N. M. Wasekul Azad, Somen Baidya, Mohammed Khorshed Alam, and Faisal Khan. |
||
| 260 |
_aNew York ; _bThe Institute of Electrical and Electronics Engineers, Inc. , _cOctober 2022. |
||
| 300 |
_aVolume 37, pages 12237-12263 : _billustration ; _c28 cm. |
||
| 500 | _aIEEE Transactions on Power Electronics, v. 37, n. 10, pages 12237-12263, October 2022. | ||
| 700 |
_aRoy, Sourov. _eauthor. _956083 |
||
| 700 |
_aAzad, A. N. M. Wasekul _eauthor. _956084 |
||
| 700 |
_aBaidya, Somen. _eauthor. _956085 |
||
| 700 |
_aAlam, Mohammed Khorshed. _eauthor. _956086 |
||
| 700 |
_aKhan, Faisal. _eauthor. _956087 |
||
| 942 |
_2ddc _cPER |
||
| 999 |
_c20021 _d20021 |
||